• 首页
  • 本馆介绍
  • 公告通知
  • 最新文献
  • 馆藏检索
  • 电子资源
  • 读者导购
  • 参考咨询
  • 我的图书馆
  • 登录
  • 详细信息显示
  • 放入我的书架
  • 预约/预借图书
  • 作者相关作品
  • 分类相关作品
  • 丛书相关作品
  • 出版社相关作品

书目信息

  • 表格格式
  • 工作单格式
  • 卡片格式
题名:
英汉高分子词汇
    
 
作者:
分册:  
出版信息: 北京   科学出版社  1974
页数: 54页
开本: 19cm
丛书名:
单 册:
中图分类: O63-61
科图分类:
主题词: 高分子化学--词汇--英、中
电子资源:
ISBN:
000 00553nam0 2200217 45
001 0181005340
005 20061123084832.92
010    @dCNY0.30
091    @aCN@b17031.118
100    @a19950605d1974 em y0chiy0121 ea
101 0  @achi@aeng
102    @aCN@b110000
105    @ay e 000yy
200 10 @a英汉高分子词汇@Aying han gao fen zi ci hui
210    @a北京@c科学出版社@d1974
215    @a54页@d19cm
606    @a高分子化学@x词汇@x英、中
690    @aO63-61@v3
801  2 @aCN@bNLC@c20061123
801  0 @aCN@bTSSF
905    @a10447@dO63-61@e27
    
    英汉高分子词汇.-北京:科学出版社,1974
    54页;19cm
    
    
    ISBN :CNY0.30
    
●
相关链接 在E读中查询图书 在五车中查询图书 在当当中查询图书 在豆瓣中查询图书


正题名:英汉高分子词汇     索取号:O63-61/27         预约/预借

序号 登录号 条形码 馆藏地/架位号 状态 备注
1 0213352   000350845   第二样本阅览室/ [索取号:O63-61/27] 在馆    
唐山师范学院图书馆 欢迎您!
大连网信软件有限公司© 版权所有